LEADER 02613oam 2200625 a 450 001 9910778911703321 005 20231120192527.0 010 $a1-283-95226-2 010 $a1-78042-806-5 035 $a(CKB)2550000000088880 035 $a(EBL)887074 035 $a(OCoLC)817923306 035 $a(SSID)ssj0000652376 035 $a(PQKBManifestationID)12234685 035 $a(PQKBTitleCode)TC0000652376 035 $a(PQKBWorkID)10641677 035 $a(PQKB)11557409 035 $a(MiAaPQ)EBC887074 035 $a(Au-PeEL)EBL887074 035 $a(CaPaEBR)ebr10532438 035 $a(CaONFJC)MIL426476 035 $a(PPN)198055765 035 $a(EXLCZ)992550000000088880 100 $a20110609d2011 uy 0 101 0 $aeng 135 $aur|n|---||||| 181 $ctxt$2rdacontent 182 $cc$2rdamedia 183 $acr$2rdacarrier 200 14$aThe Fauves /$fNathalia Brodskai?a 210 1$aNew York :$cParkstone Press International,$d[2012] 215 $a1 online resource (200 pages) 225 1 $aArt of century collection 311 0 $a1-84484-847-7 320 $aIncludes bibliographical references and index. 327 $aA history of Fauvism -- Henri Matisse -- Maurice de Vlaminck -- Andre Derain -- Albert Marquet -- Raoul Dufy -- Othon Friesz -- Henri Manguin -- Kees Van Dongen -- Georges Rouault --Jean Puy -- Louis Valtat -- Henri Le Fauconnier -- Rene Seyssaud -- Auguste Chabaud -- Georges Dupuis -- Henri Lebasque -- Pierre Girieud. 330 $aBorn at the dawn of the 20th century, Fauvism burst onto the artistic scene at the 1905 Salon d'Automne with great controversy by throwing bright, vibrant colours in the face of artistic convention. Fuelled by change, artists like Matisse, Derain, and Vlaminck searched for a new chromatic language by using colour out of its habitual context. Freed from the strict technique advocated by the E?cole des Beaux-Arts, they used blocky colours as their main resource, saturating their stunning paintings. 410 0$aArt of century collection. 606 $aFauvism 606 $aPainting, Modern$y20th century 606 $aFauvism$vPictorial works 606 $aPainting, Modern$y20th century$vPictorial works 615 0$aFauvism. 615 0$aPainting, Modern 615 0$aFauvism 615 0$aPainting, Modern 676 $a709.04/043 700 $aBrodskai?a$b N. V$g(Natal?i?a Valentinovna)$0863734 801 0$bMiAaPQ 801 1$bMiAaPQ 801 2$bMiAaPQ 906 $aBOOK 912 $a9910778911703321 996 $aThe Fauves$93724959 997 $aUNINA